[Event "White Rook U14 Final 2019"]
[Site "Sochi"]
[Date "2019.06.06"]
[Round "2.33"]
[White "Kulnev, Aleksandr"]
[Black "Balashov, Arseny"]
[Result "0-1"]
[WhiteElo "1377"]
[BlackElo "1990"]
[Annotator "NA RC"]
[PlyCount "94"]
[EventDate "2019.06.02"]
[EventCountry "RUS"]
[SourceTitle "playchess.com"]
[Source "ChessBase"]
[SourceQuality "1"]
[TimeControl "5400+30"]

1. e4 {[%emt 0:00:00]} c5 {[%emt 0:00:05]} 2. c3 {[%emt 0:00:11]} g6 {[%emt 0:00:08]} 3. d4 {[%emt 0:00:10]} cxd4 {[%emt 0:00:03]} 4. cxd4 {[%emt 0:00:06]} d5 {[%emt 0:00:04]} 5. e5 {[%emt 0:00:14]} Bg7 {[%emt 0:00:12]} 6. Nf3 {[%emt 0:00:19]} Nh6 {[%emt 0:00:17]} 7. Be3 {[%emt 0:00:58]} a6 {[%emt 0:01:22]} 8. Be2 {[%emt 0:00:13]} Nc6 {[%emt 0:00:03]} 9. Nc3 {[%emt 0:00:57]} O-O {[%emt 0:05:27]} 10. O-O {[%emt 0:00:14]} Nf5 {[%emt 0:05:33]} 11. Qb3 {[%emt 0:08:03]} b5 {[%emt 0:06:19]} 12. Qxd5 {[%emt 0:09:12]} Qxd5 {[%emt 0:02:25]} 13. Nxd5 {[%emt 0:00:11]} Rd8 {[%emt 0:00:00]} 14. Nb6 {[%emt 0:01:12]} Rb8 {[%emt 0:00:00]} 15. Nxc8 {[%emt 0:03:27]} Rbxc8 {[%emt 0:00:00]} 16. Rfd1 {[%emt 0:00:38]} Nb4 {[%emt 0:00:28]} 17. Bd3 {[%emt 0:02:45]} Nxe3 {[%emt 0:33:37]} 18. fxe3 {[%emt 0:00:24]} Nc2 {[%emt 0:00:41]} 19. Bxc2 {[%emt 0:00:28]} Rxc2 {[%emt 0:00:00]} 20. Rd2 {[%emt 0:00:47]} Rxd2 {[%emt 0:00:06]} 21. Nxd2 {[%emt 0:00:07]} Rc8 {[%emt 0:02:58]} 22. Nb3 {[%emt 0:38:12]} Bh6 {[%emt 0:01:18]} 23. e4 {[%emt 0:07:47]} Rc2 {[%emt 0:01:42]} 24. d5 {[%emt 0:01:53]} Bf4 {[%emt 0:01:02]} 25. e6 {[%emt 0:21:16]} fxe6 {[%emt 0:00:09]} 26. dxe6 {[%emt 0:00:06]} Rxb2 {[%emt 0:00:19]} 27. Na5 {[%emt 0:00:37]} Rc2 {[%emt 0:02:21]} 28. Nb7 {[%emt 0:00:47]} Be5 {[%emt 0:00:07]} 29. Rd1 {[%emt 0:00:50]} Rxa2 {[%emt 0:00:41]} 30. Rd7 {[%emt 0:00:11]} Kf8 {[%emt 0:00:18]} 31. h3 {[%emt 0:00:21]} b4 {[%emt 0:00:01]} 32. Rd8+ {[%emt 0:01:23]} Kg7 {[%emt 0:00:01]} 33. Rd7 {[%emt 0:01:09]} Kf6 {[%emt 0:00:06]} 34. Rd1 {[%emt 0:00:29]} b3 {[%emt 0:00:05]} 35. Rf1+ {[%emt 0:00:08]} Kg5 {[%emt 0:00:19]} 36. Rb1 {[%emt 0:01:10]} b2 {[%emt 0:00:02]} 37. Kf2 {[%emt 0:00:36]} Ra1 {[%emt 0:00:03]} 38. Nd8 {[%emt 0:00:34]} Rxb1 {[%emt 0:00:06]} 39. Nc6 {[%emt 0:00:06]} Bd6 {[%emt 0:00:05]} 40. e5 {[%emt 0:00:06]} Bc5+ {[%emt 0:00:01]} 41. Ke2 {[%emt 0:00:11]} Rg1 {[%emt 0:00:03]} 42. Kd3 {[%emt 0:00:21]} b1=Q+ {[%emt 0:00:12]} 43. Kc4 {[%emt 0:00:13]} Rc1+ {[%emt 0:00:02]} 44. Kd5 {[%emt 0:00:19]} Qd3+ {[%emt 0:00:02]} 45. Nd4 {[%emt 0:00:07]} Bxd4 {[%emt 0:00:08]} 46. h4+ {[%emt 0:00:19]} Kg4 {[%emt 0:00:00]} 47. h5 {[%emt 0:00:19]} Bg1# {[%emt 0:00:02]} 0-1

[Event "White Rook U14 Final 2019"]
[Site "Sochi"]
[Date "2019.06.06"]
[Round "2.34"]
[White "Mikheev, Arsenii E."]
[Black "Kudryavtsev, Egor"]
[Result "1-0"]
[WhiteElo "1500"]
[BlackElo "1283"]
[Annotator "NA RC"]
[PlyCount "99"]
[EventDate "2019.06.02"]
[EventCountry "RUS"]
[SourceTitle "playchess.com"]
[Source "ChessBase"]
[SourceQuality "1"]
[TimeControl "5400+30"]

1. c4 {[%emt 0:00:00]} e6 {[%emt 0:00:48]} 2. Nc3 {[%emt 0:00:23]} Nf6 {[%emt 0:01:18]} 3. d4 {[%emt 0:00:11]} Bb4 {[%emt 0:00:05]} 4. Nf3 {[%emt 0:00:34]} Bxc3+ {[%emt 0:02:08]} 5. bxc3 {[%emt 0:00:47]} b6 {[%emt 0:00:35]} 6. Bg5 {[%emt 0:01:21]} Bb7 {[%emt 0:01:10]} 7. e3 {[%emt 0:00:19]} h6 {[%emt 0:00:22]} 8. Bh4 {[%emt 0:01:24]} d6 {[%emt 0:03:52]} 9. Be2 {[%emt 0:00:34]} g5 {[%emt 0:04:10]} 10. Bg3 {[%emt 0:00:43]} Ne4 {[%emt 0:09:38]} 11. Bd3 {[%emt 0:04:39]} Nd7 {[%emt 0:06:36]} 12. Qc2 {[%emt 0:01:47]} f5 {[%emt 0:05:56]} 13. Bxe4 {[%emt 0:00:28]} Bxe4 {[%emt 0:00:27]} 14. Qe2 {[%emt 0:00:11]} h5 {[%emt 0:03:29]} 15. h4 {[%emt 0:01:37]} Bxf3 {[%emt 0:06:00]} 16. Qxf3 {[%emt 0:00:15]} g4 {[%emt 0:00:08]} 17. Qc6 {[%emt 0:01:04]} Kf7 {[%emt 0:03:27]} 18. c5 {[%emt 0:03:33]} bxc5 {[%emt 0:01:23]} 19. dxc5 {[%emt 0:00:31]} Nxc5 {[%emt 0:03:20]} 20. Rd1 {[%emt 0:00:41]} Qd7 {[%emt 0:02:38]} 21. Qxc5 {[%emt 0:00:14]} Rhd8 {[%emt 0:11:08]} 22. Qd4 {[%emt 0:00:25]} Qe7 {[%emt 0:00:52]} 23. Qf4 {[%emt 0:00:12]} Qf6 {[%emt 0:01:22]} 24. Qc4 {[%emt 0:00:08]} Rdc8 {[%emt 0:07:14]} 25. O-O {[%emt 0:00:32]} Ke7 {[%emt 0:04:07]} 26. Rb1 {[%emt 0:01:23]} e5 {[%emt 0:01:58]} 27. Rb7 {[%emt 0:03:04]} Kd8 {[%emt 0:01:38]} 28. Rd1 {[%emt 0:00:43]} a5 {[%emt 0:05:24]} 29. Qc6 {[%emt 0:04:06]} Rab8 {[%emt 0:03:33]} 30. Rxc7 {[%emt 0:01:49]} Rxc7 {[%emt 0:02:08]} 31. Rxd6+ {[%emt 0:00:17]} Qxd6 {[%emt 0:00:05]} 32. Qxd6+ {[%emt 0:00:08]} Kc8 {[%emt 0:00:07]} 33. Bxe5 {[%emt 0:00:08]} Rb1+ {[%emt 0:00:25]} 34. Kh2 {[%emt 0:00:04]} Rd7 {[%emt 0:00:59]} 35. Qf8+ {[%emt 0:00:16]} Kb7 {[%emt 0:03:11]} 36. Qb8+ {[%emt 0:00:13]} Kc6 {[%emt 0:00:45]} 37. Qxb1 {[%emt 0:00:10]} Rd5 {[%emt 0:01:17]} 38. Qxf5 {[%emt 0:00:13]} Rd2 {[%emt 0:01:29]} 39. Qc8+ {[%emt 0:00:19]} Kb5 {[%emt 0:00:12]} 40. Qb7+ {[%emt 0:00:13]} Kc4 {[%emt 0:00:17]} 41. Qb3+ {[%emt 0:00:30]} Kd3 {[%emt 0:00:15]} 42. c4+ {[%emt 0:00:05]} Ke2 {[%emt 0:00:09]} 43. c5 {[%emt 0:00:08]} Kxf2 {[%emt 0:00:15]} 44. Bg3+ {[%emt 0:00:05]} Ke2 {[%emt 0:00:12]} 45. Qc4+ {[%emt 0:00:08]} Kd1 {[%emt 0:00:10]} 46. c6 {[%emt 0:00:07]} a4 {[%emt 0:00:23]} 47. c7 {[%emt 0:00:07]} a3 {[%emt 0:00:03]} 48. c8=Q {[%emt 0:00:07]} Rxa2 {[%emt 0:01:07]} 49. Qc1+ {[%emt 0:00:08]} Ke2 {[%emt 0:00:10]} 50. Q8c4# {[%emt 0:00:05]} 1-0

[Event "White Rook U14 Final 2019"]
[Site "Sochi"]
[Date "2019.06.06"]
[Round "2.35"]
[White "Makarov, Andrei"]
[Black "Klimovskikh, Nikita"]
[Result "1/2-1/2"]
[WhiteElo "2465"]
[BlackElo "1333"]
[Annotator "TA"]
[PlyCount "79"]
[EventDate "2019.06.02"]
[EventCountry "RUS"]
[SourceTitle "playchess.com"]
[Source "ChessBase"]
[SourceQuality "1"]

{[%evp 10,79,35,41,68,67,74,33,58,29,40,21,25,16,20,13,18,16,10,18,25,10,10,10,18,6,7,7,14,0,12,0,0,-34,13,14,27,0,11,8,13,0,0,0,0,0,0,-10,-10,-10,0,0,0,-1,0,0,7,-3,0,-3,0,-11,0,0,0,0,0,0,0,0,0,0]} 1. d4 d5 2. c4 e6 3. Nc3 c6 4. Nf3 Nf6 5. Bg5 Nbd7 6. e3 b6 {D52: Queen's Gambit Declined: Cambridge Springs Variation} (6... Qa5 7. cxd5 Nxd5 8. Rc1 Nxc3 9. bxc3 Ba3 10. Rc2 b6 11. Be2 Ba6 12. O-O Bxe2 13. Rxe2 O-O 14. Qc2 c5 15. d5 exd5 {½-½ (68) Yu,Y (2764)-Dreev,A (2670) chess.com INT 2019}) 7. cxd5 cxd5 8. Qa4 $146 ({Predecessor:} 8. Bd3 Bb4 9. Bxf6 Bxc3+ 10. bxc3 Nxf6 11. O-O O-O 12. a4 Qc7 13. Qc2 Bd7 14. Ne5 {0-1 (29) Mumia,A (1874)-Hawi,J (1627) Nairobi 2017}) 8... Be7 {White is slightly better.} 9. Qc6 Rb8 10. Bf4 Bb7 11. Qa4 Ra8 12. Ne5 O-O 13. Bd3 Nxe5 14. Bxe5 Bd6 15. Bg3 Bxg3 16. hxg3 h6 17. O-O Qe7 18. Rac1 Rfc8 19. Nb5 Qd7 20. Qb4 Ba6 21. Qa4 Bb7 22. Qa3 Ne4 23. Bxe4 {[#] Threatens to win with Bd3.} ({Inferior is} 23. Nxa7 Nd6 $17) 23... Qxb5 {The position is equal.} 24. Bd3 Qd7 25. Qb3 Rxc1 26. Rxc1 Rc8 27. Rxc8+ Qxc8 28. Qc2 Qxc2 29. Bxc2 $11 {[%mdl 4096] Endgame KB-KB} Kf8 30. Bd3 Ke7 31. Kf1 Kd6 32. Ke2 f5 33. f4 h5 34. Kf2 Kc6 35. a4 a6 36. b4 Kc7 37. Kg1 Bc8 38. Kh2 Kd8 39. Kh3 Ke7 40. Kh4 {Accuracy: White = 38%, Black = 49%.} 1/2-1/2

[Event "White Rook U14 Final 2019"]
[Site "Sochi"]
[Date "2019.06.06"]
[Round "2.36"]
[White "Belova, Tatyana"]
[Black "Malysheva, Valeria"]
[Result "0-1"]
[WhiteElo "1584"]
[BlackElo "1699"]
[Annotator "NA RC"]
[PlyCount "124"]
[EventDate "2019.06.02"]
[EventCountry "RUS"]
[SourceTitle "playchess.com"]
[Source "ChessBase"]
[SourceQuality "1"]
[TimeControl "5400+30"]

1. c4 {[%emt 0:00:00]} e5 {[%emt 0:00:08]} 2. Nc3 {[%emt 0:00:02]} Nf6 {[%emt 0:00:12]} 3. g3 {[%emt 0:00:06]} d5 {[%emt 0:00:32]} 4. cxd5 {[%emt 0:00:16]} Nxd5 {[%emt 0:00:06]} 5. Bg2 {[%emt 0:00:09]} Be6 {[%emt 0:02:11]} 6. Nf3 {[%emt 0:00:21]} Nc6 {[%emt 0:00:54]} 7. O-O {[%emt 0:00:42]} Be7 {[%emt 0:00:54]} 8. d4 {[%emt 0:01:46]} exd4 {[%emt 0:04:12]} 9. Nxd4 {[%emt 0:00:44]} Nxd4 {[%emt 0:03:54]} 10. Qxd4 {[%emt 0:00:14]} Bf6 {[%emt 0:04:36]} 11. Qa4+ {[%emt 0:02:46]} c6 {[%emt 0:05:46]} 12. Nxd5 {[%emt 0:01:24]} Bxd5 {[%emt 0:00:38]} 13. Rd1 {[%emt 0:01:29]} b5 {[%emt 0:01:40]} 14. Qc2 {[%emt 0:01:54]} Qb6 {[%emt 0:01:53]} 15. Be3 {[%emt 0:03:11]} Qb7 {[%emt 0:01:32]} 16. Bxd5 {[%emt 0:01:53]} cxd5 {[%emt 0:00:11]} 17. Rac1 {[%emt 0:01:09]} O-O {[%emt 0:01:15]} 18. Bd4 {[%emt 0:03:47]} Rac8 {[%emt 0:03:24]} 19. Qd2 {[%emt 0:01:50]} Bxd4 {[%emt 0:03:14]} 20. Qxd4 {[%emt 0:00:09]} Rc4 {[%emt 0:01:36]} 21. Rxc4 {[%emt 0:06:38]} dxc4 {[%emt 0:00:10]} 22. Qd7 {[%emt 0:02:45]} Qa6 {[%emt 0:01:12]} 23. Qe7 {[%emt 0:07:03]} h6 {[%emt 0:02:22]} 24. Ra1 {[%emt 0:05:30]} Qb6 {[%emt 0:01:38]} 25. Rd1 {[%emt 0:04:06]} Qa5 {[%emt 0:03:08]} 26. a3 {[%emt 0:02:22]} Qb6 {[%emt 0:00:25]} 27. Qd6 {[%emt 0:02:02]} Qb7 {[%emt 0:02:00]} 28. Qd7 {[%emt 0:02:47]} Rb8 {[%emt 0:04:16]} 29. Rd6 {[%emt 0:03:48]} Qxd7 {[%emt 0:06:11]} 30. Rxd7 {[%emt 0:00:07]} a6 {[%emt 0:00:48]} 31. Rd6 {[%emt 0:01:59]} a5 {[%emt 0:00:37]} 32. Ra6 {[%emt 0:02:12]} a4 {[%emt 0:00:07]} 33. Rd6 {[%emt 0:00:18]} Rb7 {[%emt 0:00:38]} 34. e3 {[%emt 0:07:37]} b4 {[%emt 0:00:00]} 35. axb4 {[%emt 0:04:40]} Rxb4 {[%emt 0:00:10]} 36. Rd4 {[%emt 0:00:45]} Rxb2 {[%emt 0:02:11]} 37. Rxc4 {[%emt 0:00:25]} a3 {[%emt 0:00:32]} 38. Ra4 {[%emt 0:00:40]} a2 {[%emt 0:00:20]} 39. Kg2 {[%emt 0:00:04]} Kh7 {[%emt 0:00:19]} 40. g4 {[%emt 0:00:27]} Kg6 {[%emt 0:02:39]} 41. h4 {[%emt 0:00:47]} h5 {[%emt 0:02:16]} 42. gxh5+ {[%emt 0:01:39]} Kxh5 {[%emt 0:02:01]} 43. Kg3 {[%emt 0:00:11]} Kg6 {[%emt 0:00:45]} 44. Ra5 {[%emt 0:01:43]} Kf6 {[%emt 0:02:02]} 45. f4 {[%emt 0:01:21]} Ke6 {[%emt 0:01:30]} 46. Kf3 {[%emt 0:00:40]} Kd6 {[%emt 0:00:49]} 47. Ke4 {[%emt 0:02:07]} Rd2 {[%emt 0:02:28]} 48. Kf3 {[%emt 0:00:52]} Kc6 {[%emt 0:00:37]} 49. e4 {[%emt 0:00:34]} Kb6 {[%emt 0:01:20]} 50. Ra8 {[%emt 0:00:22]} Kb5 {[%emt 0:01:05]} 51. e5 {[%emt 0:02:04]} Kb4 {[%emt 0:01:12]} 52. f5 {[%emt 0:01:45]} Rd3+ {[%emt 0:01:03]} 53. Ke4 {[%emt 0:01:33]} Ra3 {[%emt 0:00:56]} 54. Rb8+ {[%emt 0:00:09]} Kc5 {[%emt 0:00:18]} 55. Rc8+ {[%emt 0:00:15]} Kb6 {[%emt 0:03:52]} 56. Rc1 {[%emt 0:00:07]} a1=Q {[%emt 0:00:13]} 57. Rxa1 {[%emt 0:00:06]} Rxa1 {[%emt 0:00:02]} 58. e6 {[%emt 0:00:08]} fxe6 {[%emt 0:00:23]} 59. fxe6 {[%emt 0:00:09]} Kc6 {[%emt 0:00:05]} 60. Kf5 {[%emt 0:00:29]} Kd6 {[%emt 0:02:10]} 61. Kg6 {[%emt 0:00:12]} Kxe6 {[%emt 0:00:23]} 62. Kxg7 {[%emt 0:00:10]} Rh1 {[%emt 0:00:31]} 0-1

[Event "White Rook U14 Final 2019"]
[Site "Sochi"]
[Date "2019.06.06"]
[Round "3.1"]
[White "Magomedov, Adam"]
[Black "Kuzmin, Roman"]
[Result "1/2-1/2"]
[WhiteElo "1773"]
[BlackElo "2119"]
[Annotator "TA"]
[PlyCount "81"]
[EventDate "2019.06.02"]
[EventCountry "RUS"]
[SourceTitle "playchess.com"]
[Source "ChessBase"]
[SourceQuality "1"]

{[%evp 10,81,5,6,31,31,54,34,100,24,62,16,10,19,19,16,22,17,28,-43,-28,-28,-26,-21,6,8,11,-15,-20,-12,147,0,31,32,34,31,192,183,225,218,216,211,189,204,190,137,187,122,119,116,439,441,375,166,154,76,58,39,65,47,57,0,0,0,0,-28,-45,-38,0,-13,0,-2,0,-14]} 1. c4 e5 2. Nc3 Nf6 3. g3 d5 4. cxd5 Nxd5 5. Bg2 Nb6 6. e3 c6 {A22: English Opening: 1...e5 2 Nc3 Nf6} (6... Nc6 7. Nge2 h5 8. d4 h4 9. d5 Ne7 10. e4 hxg3 11. hxg3 Rxh1+ 12. Bxh1 Ng8 13. Be3 Nf6 14. Qc2 {0-1 (57) Ponkratov,P (2613)-Karjakin,S (2760) Riadh 2017}) 7. Nge2 Be6 8. b3 a5 $146 (8... f6 $14) ({Predecessor:} 8... N8d7 9. O-O Qc7 10. d4 O-O-O 11. Qc2 h5 12. a4 a5 13. f4 exf4 14. Nxf4 {0-1 (40) Ho Thi Minh,H-Pham,N (2145) Vung Tau 2000}) 9. d4 ({Better is} 9. f4 $16) 9... a4 10. Rb1 {[%cal Rc3a4]} axb3 11. axb3 N8d7 12. O-O Bb4 13. Bb2 O-O 14. d5 (14. dxe5 $11 Nxe5 15. Na4 Qxd1 16. Rfxd1) 14... cxd5 15. Nxd5 Nxd5 16. Bxd5 Bh3 17. Bg2 Bf5 18. Ra1 Rxa1 19. Bxa1 b6 $2 {[#]} (19... Qa5 $11) 20. Qd5 (20. Nd4 $1 $16 {[%cal Rd4f5]} Qf6 21. Nc6) 20... Be6 21. Qb5 Bc5 22. Nc3 f6 $2 (22... Qb8 $14) 23. b4 $36 {[%mdl 2048] White is really pushing.} Bd6 {[#]} 24. Rd1 $1 {[%cal Rd1d6]} Bb8 25. Bd5 Bxd5 26. Qxd5+ Rf7 27. Qe6 (27. b5 $18) 27... g6 28. Nd5 (28. b5 $18) 28... Kg7 29. Qc6 Ba7 $2 {[%mdl 8192]} (29... Nf8 $16 30. f4 (30. Qxb6 Qxb6 31. Nxb6 Rb7 $16) 30... g5) 30. Nc7 {Black must now prevent Ne6+.} Kg8 31. Nb5 (31. b5 $142) 31... Bb8 32. Na3 (32. Kg2 $142) 32... Qc7 $16 33. Qd5 Kg7 34. Nb5 Qc2 35. Nd6 (35. Nc3 $14) 35... Bxd6 $11 36. Qxd6 Nf8 {aiming for ...Rd7.} 37. Qd2 Qxd2 38. Rxd2 Rd7 (38... Rc7 $5 {[%cal Rc7c1]} 39. Bb2 Kf7 $11) 39. Ra2 {The position is equal.} Ne6 40. Kg2 Kf7 41. Ra6 {Accuracy: White = 30%, Black = 35%.} 1/2-1/2

[Event "White Rook U14 Final 2019"]
[Site "Sochi"]
[Date "2019.06.06"]
[Round "3.2"]
[White "Pingin, Artem"]
[Black "Seregin, Ignat"]
[Result "1-0"]
[WhiteElo "2108"]
[BlackElo "1687"]
[Annotator "TA"]
[PlyCount "55"]
[EventDate "2019.06.02"]
[EventCountry "RUS"]
[SourceTitle "playchess.com"]
[Source "ChessBase"]
[SourceQuality "1"]

{[%evp 26,54,25,16,25,48,48,22,4,32,123,101,211,168,269,267,353,358,324,326,529,529,516,519,506,502,472,453,557,537,29999]} 1. e4 e6 2. d4 d5 3. Nc3 Bb4 4. e5 c5 5. a3 Bxc3+ 6. bxc3 Ne7 7. Qg4 Qc7 8. Qxg7 Rg8 9. Qxh7 cxd4 10. Ne2 Nbc6 11. f4 dxc3 12. Qd3 Bd7 13. Nxc3 a6 14. h4 Nf5 {[#] Hoping for ...Nxe5! C18: French: 3 Nc3 Bb4: Main line: 7 h4 and 7 Qg4} 15. Rh3 Rc8 (15... O-O-O 16. Rb1 Na5 17. Rb4 Nc4 18. h5 Qc5 19. Ne4 Qg1 20. Ng5 Bb5 21. Qe2 Qc5 22. Qf2 {½-½ (34) Alekseev,E (2715)-Vitiugov,N (2638) Kallithea 2008}) 16. h5 (16. Rb1 {with more complications.} Kf8 17. h5 Ncd4 18. Bd2 Rg4 19. Kd1) 16... Nxe5 $1 {The position is equal.} 17. fxe5 {And now Bf4 would win.} Qxe5+ ({Better is} 17... Bb5 $1 $14 18. Nxb5 Qxe5+ {[%mdl 64] Double Attack} 19. Kd1 Qxa1) 18. Qe2 $16 Qxe2+ $146 (18... Qf6 $16) ({Predecessor:} 18... Qh8 19. Bb2 Bb5 20. Qf2 Qe5+ 21. Kd2 Bxf1 22. Rxf1 {1-0 (38) Vetoshko,V (2270)-Sychevskyy,A (2040) Lvov 2012}) 19. Bxe2 {Strongly threatening h6.} Rxg2 (19... Ng3 {was necessary.}) 20. h6 $18 Rg3 21. Rxg3 Nxg3 22. Bg5 {[#] h7 is the strong threat.} Kf8 $2 (22... f5 23. Bf4 Nxe2 24. Kxe2 Kf7) 23. Bf6 Kg8 24. Bd3 {h7+ would kill now.} Nf5 25. Bxf5 exf5 26. Nxd5 Rxc2 27. Bg7 {[%cal Rd5f6]} Bb5 28. Nf6# 1-0

[Event "White Rook U14 Final 2019"]
[Site "Sochi"]
[Date "2019.06.06"]
[Round "3.3"]
[White "Mugenov, Vadim"]
[Black "Shirkunov, Alexandr"]
[Result "0-1"]
[WhiteElo "1329"]
[BlackElo "1557"]
[Annotator "NA RC"]
[PlyCount "78"]
[EventDate "2019.06.02"]
[EventCountry "RUS"]
[SourceTitle "playchess.com"]
[Source "ChessBase"]
[SourceQuality "1"]
[TimeControl "5400+30"]

1. e4 {[%emt 0:00:00]} c6 {[%emt 0:00:00]} 2. Nc3 {[%emt 0:00:00]} d5 {[%emt 0:00:00]} 3. Nf3 {[%emt 0:00:00]} dxe4 {[%emt 0:00:00]} 4. Nxe4 {[%emt 0:00:00]} Nd7 {[%emt 0:00:00]} 5. Bc4 {[%emt 0:00:43]} Ngf6 {[%emt 0:00:00]} 6. Ng3 {[%emt 0:00:12]} e6 {[%emt 0:00:33]} 7. O-O {[%emt 0:00:09]} Be7 {[%emt 0:01:00]} 8. d4 {[%emt 0:00:28]} O-O {[%emt 0:03:33]} 9. Bf4 {[%emt 0:01:00]} Nb6 {[%emt 0:00:00]} 10. Bb3 {[%emt 0:00:31]} c5 {[%emt 0:00:00]} 11. c3 {[%emt 0:00:41]} c4 {[%emt 0:00:05]} 12. Bc2 {[%emt 0:00:00]} Nbd5 {[%emt 0:00:03]} 13. Be5 {[%emt 0:00:36]} b5 {[%emt 0:02:00]} 14. a4 {[%emt 0:00:22]} b4 {[%emt 0:03:36]} 15. cxb4 {[%emt 0:04:05]} Bxb4 {[%emt 0:03:06]} 16. Bxf6 {[%emt 0:00:48]} Qxf6 {[%emt 0:00:42]} 17. Ne4 {[%emt 0:00:07]} Qe7 {[%emt 0:01:34]} 18. Ne5 {[%emt 0:00:47]} Qc7 {[%emt 0:05:58]} 19. Ng5 {[%emt 0:12:53]} f5 {[%emt 0:05:58]} 20. b3 {[%emt 0:02:57]} Nc3 {[%emt 0:14:07]} 21. Qf3 {[%emt 0:00:15]} Bb7 {[%emt 0:01:37]} 22. Qh3 {[%emt 0:00:35]} h6 {[%emt 0:04:00]} 23. Nxe6 {[%emt 0:00:55]} Qd6 {[%emt 0:00:49]} 24. Nxf8 {[%emt 0:01:07]} Rxf8 {[%emt 0:02:26]} 25. Kh1 {[%emt 0:07:58]} Qxd4 {[%emt 0:01:59]} 26. Ng6 {[%emt 0:03:23]} Re8 {[%emt 0:03:14]} 27. bxc4 {[%emt 0:04:59]} Be4 {[%emt 0:02:49]} 28. Bxe4 {[%emt 0:07:02]} Qxe4 {[%emt 0:00:05]} 29. Nh4 {[%emt 0:01:27]} f4 {[%emt 0:10:43]} 30. Nf3 {[%emt 0:01:52]} Qxc4 {[%emt 0:02:15]} 31. Qd7 {[%emt 0:03:11]} Re7 {[%emt 0:00:41]} 32. Qd4 {[%emt 0:01:11]} Qxd4 {[%emt 0:02:09]} 33. Nxd4 {[%emt 0:00:46]} Bc5 {[%emt 0:01:58]} 34. Nb3 {[%emt 0:01:26]} Bb4 {[%emt 0:01:20]} 35. Nd4 {[%emt 0:00:33]} Bc5 {[%emt 0:00:36]} 36. Nb5 {[%emt 0:00:09]} Ne4 {[%emt 0:00:00]} 37. f3 {[%emt 0:09:43]} Nf2+ {[%emt 0:00:30]} 38. Rxf2 {[%emt 0:01:25]} Bxf2 {[%emt 0:00:03]} 39. Nc3 {[%emt 0:00:19]} Bd4 {[%emt 0:01:08]} 0-1

[Event "White Rook U14 Final 2019"]
[Site "Sochi"]
[Date "2019.06.06"]
[Round "3.4"]
[White "Toledo Flores, Marianna"]
[Black "Mkrtchian, Anait"]
[Result "0-1"]
[WhiteElo "1530"]
[BlackElo "1165"]
[Annotator "NA RC"]
[PlyCount "108"]
[EventDate "2019.06.02"]
[EventCountry "RUS"]
[SourceTitle "playchess.com"]
[Source "ChessBase"]
[SourceQuality "1"]
[TimeControl "5400+30"]

1. Nf3 {[%emt 0:00:00]} d5 {[%emt 0:00:00]} 2. d4 {[%emt 0:00:00]} Bf5 {[%emt 0:00:00]} 3. c4 {[%emt 0:00:00]} e6 {[%emt 0:00:05]} 4. Qb3 {[%emt 0:00:30]} b6 {[%emt 0:01:46]} 5. cxd5 {[%emt 0:01:21]} Qxd5 {[%emt 0:02:42]} 6. Qxd5 {[%emt 0:01:34]} exd5 {[%emt 0:00:40]} 7. Nc3 {[%emt 0:00:09]} Nf6 {[%emt 0:00:00]} 8. Bf4 {[%emt 0:00:19]} Bb4 {[%emt 0:00:50]} 9. a3 {[%emt 0:01:26]} Bxc3+ {[%emt 0:00:22]} 10. bxc3 {[%emt 0:00:13]} c6 {[%emt 0:00:18]} 11. Ne5 {[%emt 0:01:37]} Nfd7 {[%emt 0:01:39]} 12. Nf3 {[%emt 0:02:10]} Nf6 {[%emt 0:01:14]} 13. g3 {[%emt 0:00:35]} Nbd7 {[%emt 0:00:21]} 14. Bg2 {[%emt 0:00:40]} O-O-O {[%emt 0:02:00]} 15. Rc1 {[%emt 0:00:34]} Rhe8 {[%emt 0:02:44]} 16. Ne5 {[%emt 0:03:17]} Nxe5 {[%emt 0:00:37]} 17. Bxe5 {[%emt 0:00:52]} b5 {[%emt 0:00:34]} 18. f3 {[%emt 0:03:10]} Nd7 {[%emt 0:01:33]} 19. Bxg7 {[%emt 0:02:59]} Bd3 {[%emt 0:01:03]} 20. Bf1 {[%emt 0:00:38]} Re6 {[%emt 0:01:22]} 21. Kd2 {[%emt 0:01:26]} Bg6 {[%emt 0:00:29]} 22. Bh6 {[%emt 0:01:17]} Kb7 {[%emt 0:03:30]} 23. h4 {[%emt 0:03:17]} Nb6 {[%emt 0:02:54]} 24. Bg5 {[%emt 0:05:16]} f6 {[%emt 0:00:56]} 25. Bh3 {[%emt 0:00:35]} Nc4+ {[%emt 0:00:53]} 26. Ke1 {[%emt 0:01:18]} Ree8 {[%emt 0:00:54]} 27. Bxf6 {[%emt 0:01:45]} Rd6 {[%emt 0:00:43]} 28. Bg5 {[%emt 0:01:26]} Bd3 {[%emt 0:01:13]} 29. Rh2 {[%emt 0:02:49]} Nxa3 {[%emt 0:00:35]} 30. Kd2 {[%emt 0:01:19]} Bg6 {[%emt 0:00:34]} 31. e3 {[%emt 0:02:13]} Nc4+ {[%emt 0:00:55]} 32. Ke2 {[%emt 0:00:53]} a5 {[%emt 0:00:32]} 33. Bg4 {[%emt 0:01:06]} Nb2 {[%emt 0:04:49]} 34. Ra1 {[%emt 0:02:02]} a4 {[%emt 0:00:20]} 35. f4 {[%emt 0:02:53]} Bd3+ {[%emt 0:00:42]} 36. Kd2 {[%emt 0:00:07]} h6 {[%emt 0:01:02]} 37. f5 {[%emt 0:02:05]} hxg5 {[%emt 0:00:33]} 38. hxg5 {[%emt 0:00:05]} Be4 {[%emt 0:00:31]} 39. f6 {[%emt 0:02:14]} Nc4+ {[%emt 0:00:25]} 40. Kc1 {[%emt 0:01:34]} Nxe3 {[%emt 0:01:40]} 41. Bh5 {[%emt 0:01:06]} Rf8 {[%emt 0:01:08]} 42. Kb2 {[%emt 0:00:29]} Nc4+ {[%emt 0:08:39]} 43. Ka2 {[%emt 0:00:17]} Rh8 {[%emt 0:03:53]} 44. Rf1 {[%emt 0:03:05]} Nb6 {[%emt 0:00:45]} 45. Rh4 {[%emt 0:02:01]} Bd3 {[%emt 0:02:46]} 46. Re1 {[%emt 0:01:12]} Be4 {[%emt 0:04:08]} 47. g4 {[%emt 0:01:35]} Nd7 {[%emt 0:06:08]} 48. Rf1 {[%emt 0:01:56]} Bd3 {[%emt 0:00:58]} 49. Rf3 {[%emt 0:00:24]} Bc4+ {[%emt 0:02:47]} 50. Ka3 {[%emt 0:02:39]} Re6 {[%emt 0:02:20]} 51. Rh2 {[%emt 0:00:31]} Re1 {[%emt 0:05:23]} 52. Kb2 {[%emt 0:00:00]} a3+ {[%emt 0:07:09]} 53. Kxa3 {[%emt 0:03:36]} Ra8+ {[%emt 0:00:40]} 54. Kb4 {[%emt 0:00:18]} Ra4# {[%emt 0:00:07]} 0-1